Main Antagonists in Games (Indie Version) - Statistics

Estatísticas Gerais
  • Esse quiz foi jogado 6 vezes
  • A pontuação média é 4 de 10
Estatísticas das Respostas
Jogo Personagem % Correto
Bendy and The Ink Machine Ink Demon
80%
Cuphead The Devil
80%
Pizza Tower Pizza Face/Pizza Head
60%
Hollow Knight The Radiance
60%
Slender: The Eight Pages Slenderman
40%
Ao Oni Ao Oni
20%
Omori Omori
20%
Spooky's Jump Scare Mansion Spooky
20%
Amnesia: The Dark Descent Alexander
0%
Fran Bow Remor
0%
Nenhum quiz correspondente encontrado
Distribuição das Pontuações
Porcentagem de Pessoas com Cada Pontuação
Percentil de Números Respondidos
Sua Pontuação Histórica
Você não jogou esse quiz